| 000 | 02463nam0a2200361 4500 | ||
|---|---|---|---|
| 001 | RU\NLR\BIBL_A\012373517 | ||
| 005 | 20220624182639.0 | ||
| 010 |
_a978-5-94178-675-6 _9100 |
||
| 021 |
_aRU _bКН-П-20-034106 _9КН-П-20-2607 |
||
| 035 | _a(NLR Aleph) 012373517 | ||
| 035 | _a(RuMoRGB)010358568 | ||
| 090 |
_a11587810 _c11587810 |
||
| 100 | _a20201009d2020 u y0rusy50 ca | ||
| 101 | 0 | _arus | |
| 102 | _aRU | ||
| 105 | _aa|||j|||000zy | ||
| 181 | 0 |
_ai _baxxe |
|
| 182 | 0 | _an | |
| 200 | 1 |
_aТехнологические процессы получения глубоких отверстий в деталях общего и специального машиностроения _iТехнологии растачивания, хонингования, поверхностного пластического деформирования и контроль _eучебник для использования в образовательном процессе образовательных организаций, реализующих программы высшего образования по направлениям подготовки "Конструкторско-технологическое обеспечение машиностроительных производств", "Машиностроение" _fК.М. Иванов, П.П. Серебреницкий |
|
| 203 |
_aТекст _bвизуальный _cнепосредственный |
||
| 210 |
_aСтарый Оскол _cТНТ _d2020 |
||
| 215 |
_a320, [1] с. _cил., табл. _d21 |
||
| 320 | _aБиблиогр.: 317-321 (48 назв.) и в подстроч. примеч. | ||
| 517 | 1 | _aТехнологии растачивания, хонингования, поверхностного пластического деформирования и контроль | |
| 606 | 1 |
_aМеталлы _jУчебники для высших учебных заведений _xОбработка отверстий глубокая _91817188 _3RU\NLR\AUTH\66820433 |
|
| 686 | 1 | _aК500.134.4я73-1 | |
| 700 | 1 |
_7ca _8rus _aИванов _bК. М. _cд-р техн. наук _f1963- _gКонстантин Михайлович _921394 _3RU\NLR\AUTH\7738410 |
|
| 701 | 1 |
_aСеребреницкий _bП. П. _gПавел Павлович |
|
| 942 | _cBOOK | ||
| 980 | _aNBR | ||
| 980 | _aNB | ||